Jastrzębie-Zdrój - quiz wielokrotnego wyboru - Statystyki

Ogólne statystyki
  • Ten quiz został rozwiązany 67 razy
  • Średni wynik to 7 z 10
Statystyki odpowiedzi
Zagadnienie Odpowiedź % Poprawnych
Co funkcjonowało w Jastrzębiu-Zdroju od połowy XIX wieku do lat 90. XX wieku? Uzdrowisko
95%
Co odkryto w Jastrzębiu-Zdroju w latach 50. XX wieku, dzięki czemu miasto dynamicznie się rozwinęło? Węgiel kamienny
86%
Jak nazywa się klub hokejowy z Jastrzębia-Zdroju, który w 2021 r. zdobył tytuł mistrza Polski? JKH GKS Jastrzębie
84%
Który z poniższych polskich przedsiębiorstw ma swoją główną siedzibę w Jastrzębiu-Zdroju? Prymat
84%
Które z poniższych zdjęć nie przedstawia miejsca znajdującego się w Jastrzębiu-Zdroju?
75%
Przy której kopalni, 3 września 1980 roku, podpisano porozumienia jastrzębskie - ostatnie z porozumień sierpniowych? Manifest Lipcowy (obecnie Zofiówka)
70%
Która ulica w Jastrzębiu-Zdroju przebiega obok charakterystycznego, nietypowego bloku mieszkalnego, który budzi kontrowersje wśród mieszkańców? Ul. Północna
60%
Kto był jednym z najsłynniejszych mieszkańców terenów obecnego Jastrzębia-Zdroju, który uratował tysiące Żydów podczas II wojny światowej? Henryk Sławik
58%
Czyim imieniem został nazwany Park Zdrojowy? Mikołaja Witczaka
54%
Czyim imieniem jest nazwana jastrzębska parafia, której kościół odegrał ważną rolę podczas walk w końcowej fazie II wojny światowej? Św. Katarzyny Aleksandryjskiej
33%
Nie znaleziono quizów pasujących do podanych kryteriów
Rozkład punktacji
Procent ludzi z każdym wynikiem
Percentyl według liczby udzielonych odpowiedzi
Twoja historia wyników
Nie rozwiązałeś tego quizu